Социология на труда (Запис номер 155548)
[ съкратено ]
| 000 -Лидер | |
|---|---|
| Контролно поле с фиксирана дължина | 01687nam a2200325 c 4500 |
| 003 - Код на организацията, давaща контролен номер | |
| Контролно поле | BLK |
| 005 - Дата и час на последна редакция | |
| Контролно поле | 20250307132839.0 |
| 008 - Елементи от данни с фиксирана дължина | |
| fixed length control field | 180410b bul|||||r ||||||| ||bul|| |
| 010 ## - Наследен системен номер | |
| LC control number | KNG00162227000 |
| 040 ## - Източник на каталожния запис | |
| Идентификатор на билиотеката - собственик на записа | BLK |
| 041 ## - Код за език | |
| Код за езика на текст/звукозапис или на отделно заглавие | Български |
| Код за езика КДБФ | Български |
| 080 ## - УДК | |
| Текстов определител УДК | Социология на труда и професията. Трудов колектив. Структура и видове колективи. Психологически климат. Служебни и лични отношения в колектива и тяхното влияние върху трудовия процес и др. |
| УДК код - определител по УДК | 316.334.24 |
| УДК определител | |
| УДК - код + определител | 316.334.24 |
| 100 ## - Редна дума - Автор | |
| Автор | Костов, Георги |
| Дати, свързани с автора | 1941 - 2024 |
| Автор - информация (биография) | Композитор |
| Пълна форма на името | Георгиев, Георги Костов |
| R(LIN) | 373168 |
| 139 ## - Редно поле | |
| Редна дума | Костов, Георги |
| Авторски знак | Кос - К 86 |
| 245 10 - Сведения за заглавието | |
| Заглавие | Социология на труда |
| Подзаглавни данни | Изследване върху предмета и категор. апарат |
| Редно поле (дума) | Георги Костов. |
| 257 ## - Страна на издаване | |
| Страна на създаване/издаване | България |
| 260 ## - Област на издателските данни | |
| -- | София |
| Име на издателя, разпространителя и проч. | Наука и изкуство |
| Година на издаване | 1986 |
| Печатница | Ямбол : Г. Димитров |
| 300 ## - Физическа характеристика | |
| Страници | 227 с. |
| Размери/Мащаб | 22 см |
| 380 ## - Жанр | |
| Жанр | Обществени науки |
| 500 ## - Общи забележки | |
| Забележка | Пълното име на авт. е Георги Костов Дамянов. - 2 169 тир. - Библиогр. под линия ; Рез. на рус., англ. ез. |
| 650 #4 - Допълнително описание по предмет – тема | |
| Основно описание – тема или топоним | Труд - социология |
| 9 (RLIN) | 271395 |
| 653 ## - Ключова дума – ненормативна | |
| Ключова дума | труд |
| 653 ## - Ключова дума – ненормативна | |
| Ключова дума | социология |
| 852 ## - Местоположение | |
| Форматна сигнатура | Цб 140217 |
| 856 4# - Електронен адрес и достъп | |
| Електронен формат | pdf - файл |
| Път до файла /url/ | |
| 856 4# - Електронен адрес и достъп | |
| Електронен формат | pdf - файл |
| Път до файла /url/ | |
| 942 ## - АРТИКУЛИ | |
| Вид на библиотечния материал | Книги |
| Скрит в OPAC | Не |
| 944 ## - СЪЗДАВАНЕ И РЕДАКЦИЯ на ЗАПИСА | |
| Създаване/Редакция | Създаване |
| Дата на регистрацията/редакция | 19.06.2014 |
| Статус, дата на статуса | Геновева Генчева |
| Служител, извършил регистрацията/редакцията | 30560 |
| 944 ## - СЪЗДАВАНЕ И РЕДАКЦИЯ на ЗАПИСА | |
| Създаване/Редакция | Редакция |
| Дата на регистрацията/редакция | 19.06.2014 |
| Статус, дата на статуса | 19.06.2014 - от С1,Р / 19.06.2014 |
| Служител, извършил регистрацията/редакцията | |
| 999 ## - СИСТЕМНИ КОНТРОЛНИ НОМЕРА | |
| Koha biblionumber | 155548 |
| Koha biblioitemnumber | 155548 |
| Код за отписване | Код за изгубен артикул | Източник на класификационната схема | Код за повреда | Коз за рестрикции | Код за отдаване | Артикулен № | Име на библиотеката - собственик | Име на библиотеката, в която се намира в момента | Статус (Текущо местоположение) | Дата на вписване в системата | Местоположение - отдел | Цена в лева | Инвентарен номер | Систематично азбучна сигнатура | Баркод | Номер на екземпляра | Цена в евро | Служебна бележка | Служебен тип на артикула |
|---|---|---|---|---|---|---|---|---|---|---|---|---|---|---|---|---|---|---|---|
| Не е изгубен | Universal Decimal Classification | Не е повреден | без рестрикции | ползва се в читалня | 260833 | Регионална библиотека "Любен Каравелов" Русе | Регионална библиотека "Любен Каравелов" Русе | Хранилище | 1986-01-01 | Хранилище | 2.13 | 444918 | Цб 140217 | 120000444918 | 1 | 1.09 | N: стар фонд Дата: 01.01.1986 | Книги |